| 000 | 01116cam a2200289 a 4500 | ||
|---|---|---|---|
| 001 | 12160545 | ||
| 003 | OSt | ||
| 005 | 20240611110058.0 | ||
| 008 | 000831s2001 caua b 001 0 eng | ||
| 010 | _a 00108489 | ||
| 020 | _a0123803926 (acidfree paper) | ||
| 040 |
_aDLC _cmust _dDLC |
||
| 082 | 0 | 0 |
_a512/.02 _221 |
| 100 | 1 |
_aMcCoy, Neal Henry, _d1905- _917021 |
|
| 245 | 1 | 0 | _aIntroduction to abstract algebra. |
| 250 |
_a6th ed. / _bNeal H. McCoy, Gerald J. Janusz. |
||
| 260 |
_aSan Diego : _bHarcourt/Academic Press, _cc2001. |
||
| 300 |
_axiv, 281 p. : _bill. ; _c24 cm. |
||
| 504 | _aIncludes bibliographical references (p. 277) and index. | ||
| 650 | 0 |
_aAlgebra, Abstract. _93637 |
|
| 700 | 1 |
_aJanusz, Gerald J. _917022 |
|
| 856 | 4 | 2 |
_3Publisher description _uhttp://www.loc.gov/catdir/description/els031/00108489.html |
| 856 | 4 | 1 |
_3Table of contents _uhttp://www.loc.gov/catdir/toc/els031/00108489.html |
| 906 |
_a7 _bcbc _corignew _d3 _eepcn _f20 _gy-gencatlg |
||
| 942 |
_2ddc _cO_SHELF |
||
| 999 |
_c8366 _d8366 |
||